00361nam a22001457a 4500003000400000008004100004020001800045082001200063100001800075245003500093250001300128260003300141300000800174650003300182OSt200710b ||||| |||| 00| 0 eng d a9789386700346 a612 PRH aPrasad,Mahesh aHuman Anatomy and Physiology-2 a2nd 2019 aNew DelhibNirali, Parkashan aI.2 aHuman Anatomy and Physiology